| 000 | 00413pab a2200133 454500 | ||
|---|---|---|---|
| 008 | 180718b xxu||||| |||| 00| 0 eng d | ||
| 100 | _aLichbach Mark I. | ||
| 245 | _aWhat makes rational peasants revolutionary? dilemma, paradox, and irony in peasant collective action | ||
| 362 | _a46(3), Apr 1994, p.383-418 | ||
| 650 | _a Agriculture | ||
| 650 | _aPeasants Uprisings | ||
| 773 | _aWorld Politics | ||
| 909 | _a27496 | ||
| 999 |
_c27496 _d27496 |
||